Economic Survey 2010.
| Corporate Author: | |
|---|---|
| Format: | Book |
| Published: |
Nairobi:
Central Bureau of Statistics,
2010.
|
| Subjects: |
| LEADER | 00485cam a2200157 7i4500 | ||
|---|---|---|---|
| 001 | 0000025933 | ||
| 005 | 20110222090000.0 | ||
| 020 | 0 | 0 | |a 9966-767-19-3 |
| 090 | 0 | 0 | |a KENA 330.9 |b KEN |
| 110 | 2 | 0 | |a Kenya National Bureau of Statistics |
| 245 | 0 | 0 | |a Economic Survey 2010. |
| 260 | 0 | 0 | |a Nairobi: |b Central Bureau of Statistics, |c 2010. |
| 300 | # | # | |a 294 p. |
| 650 | 0 | 0 | |a Economic surveys -- |z Republic of Kenya |
| 651 | 0 | 0 | |a Republic of Kenya |
| 999 | |a 0000028240 |b Book |c Countries |e Business Information Centre | ||


